El máscara de fierro : o las islas de Santa Margarita y Pignerol /
I tiakina i:
| Kaituhi matua: | |
|---|---|
| Ētahi atu kaituhi: | , |
| Hōputu: | Pukapuka |
| Reo: | Pāniora |
| Ngā marau: | |
| Ngā Tūtohu: |
Kāore He Tūtohu, Me noho koe te mea tuatahi ki te tūtohu i tēnei pūkete!
|
MARC
| LEADER | 00000nam^a2200000^a^4500 | ||
|---|---|---|---|
| 001 | 000380967 | ||
| 005 | 20250526000000.0 | ||
| 009 | 20260310120629.778 | ||
| 037 | |a Acervo Xavier Clavigero | ||
| 041 | |a ESP | ||
| 082 | |a 843. |b PUR | ||
| 100 | |a Purein, Pedro Mateo |e (autor) | ||
| 240 | 1 | 4 | |a [La máscara de hierro] |
| 245 | 1 | 3 | |a El máscara de fierro : |b o las islas de Santa Margarita y Pignerol / |c P.M. Purein ; tr. por José H. González. |
| 264 | |a lugar de publicación no identificado : |b editorial no identificada, |c fecha no identificada | ||
| 300 | |a 504 p. ; |c 27.0 cm. | ||
| 336 | |a texto |b txt |2 rdacontenido | ||
| 337 | |a sin mediación |b n |2 rdamedio | ||
| 338 | |a volumen |b nc |2 rdasoporte | ||
| 501 | |a Encuadernación particular | ||
| 562 | |a Falta cubierta | ||
| 649 | |a XX | ||
| 650 | |a Novela Francesa | ||
| 650 | |a Novela Histórica - |z Francia | ||
| 650 | |a Literatura Francesa - |y Siglo XVII | ||
| 740 | 3 | |a La marquesa de Brinvilliers : |c E. Bareste ; tr. por José H. González. | |
| 740 | 0 | |a Relación de la muerte de la marquesa de Brinvilliers / |c E. Pirot. | |
| 700 | |a Bareste, Eugenio |e (autor) | ||
| 700 | |a Pirot, Edme |e (autor) | ||
| 910 | |a Fondo General | ||
| 920 | |a Impresos - Libros | ||
| 930 | |a Libros Antiguos y Raros | ||
| 940 | |a Literatura | ||
| 905 | |a 108 | ||
| 901 | |a 0500276144 |b IT2 |c LRA |u 20250526 | ||
| 902 | |a https://opac.biblio.iteso.mx/vufind/Record/000380967 | ||